000 01033nam a22002777i 4500
003 EG-ScBUE
005 20250313094834.0
008 200219t1963 xxka f 001 0 eng d
040 _aEG-ScBUE
_beng
_cEG-ScBUE
_dEG-ScBUE
_erda
082 0 4 _222
_a526.86
_bMON
100 1 _aMonkhouse, Francis John,
_eauthor.
245 1 0 _aMaps and diagrams :
_btheir compilation and construction /
_cby F. J. Monkhouse, professor of geography in the university of Southampton and H. R. Wilkinson, professor of geography in the university of Hull.
264 1 _aLondon :
_bMethuen & Co Ltd.,
_c[1963]
264 4 _cc1963
300 _axix, 432 pages :
_billustrations ;
_c22 cm.
336 _2rdacontent
_atext
_btxt
337 _2rdamedia
_aunmediated
_bn
338 _2rdacarrier
_avolume
_bnc
490 0 _aUniversity paperbacks ;
_vUP 75
500 _aWith 235 illustrations.
500 _aIncludes index.
500 _aIncludes appendix.
650 7 _aCartography.
_2BUEsh
700 1 _aWilkinson, Henry Robert,
_eauthor.
942 _2ddc
_cBB
999 _c30941
_d30912